000 00420nmm a2200157Ia 4500
008 251105s9999||||xx |||||||||||||||||und||
041 _aspa
100 _aFranc, Isabel
245 0 _aDos tazas
264 _a[Madrid, España] :
_bEditorial Egales,
_c2021
300 _a260 páginas
490 _aNarrativa
650 _aSpanish narrative
856 _uhttps://public.digitaliapublishing.com/a/136985
942 _cCF
999 _c100263
_d100263